Statystyki dla Geografia Ameryki Północnej i Południowej od A do Z

Kliknij tutaj aby rozwiązać quiz!

Ogólne statystyki

  • Ten quiz został rozwiązany 134 razy
  • Średni wynik to 15 z 24

Statystyki odpowiedzi

-PytanieOdpowiedź% Poprawnych
AJaką nazwę nosi łańcuch górski na terenie Ameryki Południowej, rozciągający się wzdłuż wybrzeży Oceanu Spokojnego?Andy
94%
BKtóre państwo Ameryki Południowej wraz z Paragwajem są jedynymi krajami śródlądowymi obu Ameryk?Boliwia
94%
CNa terenie którego kraju znajduje się pustynia Atakama uchodzące za jedno z najsuchszych miejsc na Ziemii?Chile
88%
IJakim termin określa się rdzenną ludność Ameryk?Indianie
80%
JJaką nazwę nosi kraj z którego pochodzi "najszybszy człowiek na świecie", ośmiokrotny mistrz olimpijski?Jamajka
80%
WW granicach, którego miasta stoi "Biały Dom"?Waszyngton
78%
OJaką nazwę nosi miasto będące stolicą Kanady?Ottawa
77%
UStolicą którego kraju jest Montevideo?Urugwaj
76%
HJaką nazwę nosi państwo, które powstało w wyniku buntu niewolników i ludności czarnoskórej?Haiti
75%
LKtóre amerykańskie miasto słynie z kasyn i hazardu?Las Vegas
75%
NBronx, Queens czy Staten Island to tzw. "boroughs" którego amerykańskiego miasta?Nowy Jork
74%
KKtórą wyspę Morza Karaibskiego określa się jako "Wyspa jak wulkan gorąca"?Kuba
73%
YJaką nazwę nosi najstarszy Park Nardowy na świecie?Yellowstone
69%
FJaką nazwę noszą wyspy będące cały czas obiektem sporów dyplomatycznych pomiędzy Wielką Brytanią i Argentyną?Falklandy
67%
PKtóry kraj należy kojarzyć z dyktaturą Manuela Noriegi?Panama
63%
TJaką nazwą określa się obszar Atlantyku słynący z tajemniczych zaginięć samolotów i statków?Trójkąt Bermudzki
63%
QJaką nazwę nosi miasto będące stolicą Ekwadoru?Quito
58%
GKtórą wyspę Eryk Rudy nazwał "Zielonym Lądem" by zwabić na nią potencjalnych osadników?Grenlandia
46%
DJaką nazwę nosi najwyższy szczyt USA a zarazem całej Ameryki Północnej?Denali
43%
RKtóra rzeka jest naturalną granicą pomiędzy Stanami Zjednoczonymi a Meksykiem?Rio Grande
41%
SJaką nazwę nosi uskok tektoniczny rozciągający się wzdłuż wybrzeża Kalifornii?San Andreas
21%
ZJaką nazwę nosi obszar wodny na terenie Kanady, który ze względu na swoją wielkość jest przez część ekspertów uznawany jest za może śródlądowe?Zatoka Hudsona
21%
EJaką nazwę nazwę nosi słynny obszar bagienny na Florydzie w okolicach Miami?Everglades
17%
MStolica której wyspy będąca terytorium zależnym Wielkiej Brytanii jest w pełni opuszczona?Montserrat
16%

Rozkład punktacji

Percentyl według liczby udzielonych odpowiedzi

Procent ludzi z każdym wynikiem

Twoja historia wyników

Nie rozwiązałeś tego quizu